The high-level group of financial supervision in the EU (Record no. 109439)

MARC details
000 -LEADER
fixed length control field 01293cad a22002415a 4500
001 - CONTROL NUMBER
control field E147082
008 - FIXED-LENGTH DATA ELEMENTS--GENERAL INFORMATION
fixed length control field 090330e20090225xxk f 000 0 eng d
035 ## - SYSTEM CONTROL NUMBER
System control number (Sirsi) u147082
041 0# - LANGUAGE CODE
Language code of text/sound track or separate title eng
050 04 - LIBRARY OF CONGRESS CALL NUMBER
Classification number 650 $2 18
100 1# - MAIN ENTRY--PERSONAL NAME
Personal name de Larosiere, Jacques
245 04 - TITLE STATEMENT
Title The high-level group of financial supervision in the EU
Remainder of title report
Medium [electronic resource]
260 ## - PUBLICATION, DISTRIBUTION, ETC.
Place of publication, distribution, etc. Brussels
Name of publisher, distributor, etc. s.n.
Date of publication, distribution, etc. 2009
505 2# - FORMATTED CONTENTS NOTE
Formatted contents note Avant-propos -- Disclaimer -- Introduction -- Chapter I: causes of the financial crisis -- Chapter II: policy and regulatory repair -- Chapter III: EU supervisory repair -- Chapter IV: global repair -- Annexes
520 ## - SUMMARY, ETC.
Summary, etc. Following the recent financial crisis, this report proposes a new framework for the European Union, in terms of regulatory reform, stronger coordinated supervision and more effective crisis management procedures, to ensure that the same situation does not arise again. The report includes recommendations for valuation methodology of asset valuation.
521 ## - TARGET AUDIENCE NOTE
Target audience note Advanced
590 ## - LOCAL NOTE (RLIN)
Local note KA
650 24 - SUBJECT ADDED ENTRY--TOPICAL TERM
Topical term or geographic name entry element DE LAROSIERE REPORT
651 #4 - SUBJECT ADDED ENTRY--GEOGRAPHIC NAME
Geographic name Europe
690 ## - LOCAL SUBJECT ADDED ENTRY--TOPICAL TERM (OCLC, RLIN)
Topical term or geographic name as entry element MANAGEMENT-BUSINESS MANAGEMENT-FINANCIAL MANAGEMENT
856 40 - ELECTRONIC LOCATION AND ACCESS
Uniform Resource Identifier <a href="https://ec.europa.eu/news/economy/090225_1_en.htm">https://ec.europa.eu/news/economy/090225_1_en.htm</a>
Public note View the report free of charge at http://ec.europa.eu...
942 ## - ADDED ENTRY ELEMENTS (KOHA)
Suppress in OPAC 0
Holdings
Withdrawn status Lost status Source of classification or shelving scheme Damaged status Not for loan Home library Current library Shelving location Date acquired Total Checkouts Full call number Barcode Date last seen Copy number Price effective from Koha item type
    Dewey Decimal Classification     Virtual Virtual Online 30/03/2009   ONLINE PUBLICATION 147082-2001 06/08/2019 1 06/08/2019 Book